| 000 | 00377nam a22001451a 4500 | ||
|---|---|---|---|
| 082 |
_aH 954.009 2 _bRAJ/A |
||
| 100 | _aRajendra Kumar Tandon | ||
| 245 |
_aAzadi ke deewane/ _cby Rajendra Kumar Tandon |
||
| 260 |
_aAllahabad: _bSahithya Bhavan, _c1998. |
||
| 300 | _a99p. | ||
| 650 | _aBiography | ||
| 650 | _aBiography Freedom Fighters India | ||
| 650 | _aHistory | ||
| 942 | _cBK | ||
| 999 |
_c3902 _d3902 |
||